00379nam a22001337a 4500999001900000040000800019082001100027100003000038245003200068260003200100300001000132942001200142952009100154 c534150d534150 cDLC a954.91 aAqeel Abasi Jafri.928296 aPakistan Kay Siyasi Waderay aLahorebJhangir Boxc[N.D] a976;p 2ddccBK 00102ddc4070aNITbNITd2020-02-04l0o954.91pNIT-9653r2020-02-04w2020-02-04yBK